000 00815nam a22002057a 4500
999 _c2017
_d2017
003 AR-CdUCM
008 190228b ||||| |||| 00| 0 spa d
040 _aMUNICIPALIDAD PROVINCIAL DEL CUSCO
_cBIBLIOTECA MUNICIPAL DEL CUSCO
082 _a372.1 /
_bC59
100 _aClaparede, E.
_97329
245 _aComo diagnosticar las aptitudes en los escolares /
260 _aMadrid :
_b Aguilar,
_c1923.
300 _a292 paginas ;
_c22 cm.
505 _aDiagnostico del retraso mental -- El perfil psicológico -- Los procesos de la técnica externa -- La relación de las aptitudes -- Determinación indirecta de la edad mental ...
650 _aPruebas psicológicas
_97330
650 _aPsicología de la educación
_97331
650 _aLos conocimientos
_97332
942 _2ddc
_cLIBROS
945 _arum
_d2019-02-28